| 000 | 01052nas a2200349 4500 | ||
|---|---|---|---|
| 001 | BR9900490 | ||
| 003 | BR-BrBNA | ||
| 005 | 20231205101216.0 | ||
| 007 | ta | ||
| 008 | 230509b bl.|||p| |||| 00| 00por d | ||
| 040 |
_aBR-BrBNA _bpor _cBiblioteca Nacional de Agricultura |
||
| 041 | _a(Pt) | ||
| 072 | _aL02 | ||
| 100 | 1 | _aAraujo, G.G.L. de | |
| 100 | 1 | _aSilva, J.F.C. da | |
| 100 | 1 | _aValadares Filho, S. de C. | |
| 100 | 1 | _aCampos, O.F. de | |
| 100 | 1 | _aCecon, P.R. | |
| 100 | 1 | _aSignoretti, R.D. | |
| 100 | 1 | _aTurco, S.H.N. | |
| 245 | 1 | _aComposicao corporal e exigencias liquidas de energia e proteina de bezerros alimentados com dietas contendo diferentes niveis de volumoso | |
| 650 | _aBezerro | ||
| 650 | _aVolumosos | ||
| 650 | _aProteina | ||
| 650 | _aEnergia | ||
| 650 | _aDieta | ||
| 650 | _aPeso | ||
| 650 | _aGordura | ||
| 773 | 0 |
_tRevista Brasileira de Zootecnia (Brazil) _xISSN 0100-4859 _g(Sep-Oct 1998), v. 27(5) p. 1013-1022 _wBR9900490 |
|
| 909 |
_a202311 _bLúcia _c55 _dLúcia Elande |
||
| 942 |
_2AGRIS _n0 _cANA |
||
| 999 |
_c160425 _d160425 |
||